Civil society and social movements (Registro nro. 311120)

Detalles MARC
000 -ENCABEZADO
Número de control [NR] 01422cam a2200337Ia 4500
001 - NÚMERO DE CONTROL
control field ocn221272238
005 - FECHA Y HORA DE LA ÚLTIMA TRANSACCIÓN
control field 20181123120849.0
008 - DE LONGITUD FIJA DE DATOS DE ELEMENTOS - INFORMACIÓN GENERAL
Elementos de longitud fija [NR] 181122s2008 dcuab b i001 0 eng d
020 ## - NUMERO INTERNACIONAL NORMALIZADO PARA LIBROS [R]
ISBN Cancelado/ Invalidado [R] 1597820687
020 ## - NUMERO INTERNACIONAL NORMALIZADO PARA LIBROS [R]
Número Internacional Normalizado del libro [NR] 9781597820684
029 1# - OTRO SISTEMA DE NÚMERO DE CONTROL (OCLC)
OCLC library identifier DEBBG
System control number BV035126017
035 ## - NUMERO DE CONTROL DEL SISTEMA [R]
Número de control del sistema [NR] (OCoLC)221272238
Numero Cancelado/no válido [R] (OCoLC)779891609
040 ## - FUENTE DE CATALOGACION [NR]
Agencia de catalogación original [NR] Co-BoUCM
Idioma de catalogación [NR] spa
Quien Cataloga Saul Niño
Quien Clasifica Saul Niño
041 0# - CODIGO DE IDIOMA [R]
Código de idioma para texto/pista de sonido o título separado [R] Inglés
043 ## - CODIGO DE AREA GEOGRAFICA [NR]
Código de área geográfica [R] cl-----
245 00 - MENCION DE TITULO [NR]
Título [NR] Civil society and social movements
Parte restante del título [NR] building sustainable democracies in Latin America
Mención de responsabilidad, etc. [NR] edited by Arthur Domike
260 ## - PUBLICACION, DISTRIBUCION, ETC. (PIE DE IMPRENTA) [R]
Lugar de publicación, distribución, etc. [R] Washington
Nombre del editor, distribuidor, etc. [R] Inter-American Development Bank
Fecha de publicación, distribución, etc. [R] [2008]
300 ## - DESCRIPCION FISICA [R]
Extensión [R] 413 páginas
490 0# - MENCION DE SERIE [R]
Mención de serie [R] Special publications on development ;
Designación numérica/secuencial del volumen [NR] 5
546 ## - NOTA DE IDIOMA [R]
Nota de idioma [NR] Texto en inglés
650 #7 - ASIENTO SECUNDARIO DE MATERIA - TERMINO TEMATICO [R]
Término temático o nombre geográfico como elemento de entrada [NR] Democracia
Subdivisión geográfica [R] América Latina
Subdivisión de forma [R] Estudio de casos
9 (RLIN) 12617
650 #7 - ASIENTO SECUNDARIO DE MATERIA - TERMINO TEMATICO [R]
Término temático o nombre geográfico como elemento de entrada [NR] Movimientos sociales
Subdivisión geográfica [R] América Latina
Subdivisión de forma [R] Estudio de casos
9 (RLIN) 19847
650 #7 - ASIENTO SECUNDARIO DE MATERIA - TERMINO TEMATICO [R]
Término temático o nombre geográfico como elemento de entrada [NR] Sociedad civil
Subdivisión geográfica [R] América Latina
9 (RLIN) 24718
650 #0 - ASIENTO SECUNDARIO DE MATERIA - TERMINO TEMATICO [R]
Término temático o nombre geográfico como elemento de entrada [NR] Organizaciones no gubernamentales
Subdivisión geográfica [R] América Latina
9 (RLIN) 32207
650 #7 - ASIENTO SECUNDARIO DE MATERIA - TERMINO TEMATICO [R]
Término temático o nombre geográfico como elemento de entrada [NR] Mujeres indígenas
Subdivisión geográfica [R] América Latina
9 (RLIN) 19926
700 1# - ASIENTO SECUNDARIO - NOMBRE PERSONAL [R]
Nombre personal [NR] Domike, Arthur L.
Término de relación [R] editor
9 (RLIN) 94591
710 2# - ASIENTO SECUNDARIO - NOMBRE CORPORATIVO [R]
Nombre corporativo o de jurisdicción como elemento de entrada [NR] Inter-American Development Bank
9 (RLIN) 71529
Término de relación [R] editor
776 08 - ASIENTO DE SOPORTE FISICO ADICIONAL [R]
Texto del despliegue [NR] Online version:
Título [NR] Civil society and social movements.
Lugar, editorial y fecha de publicación [NR] Washington, DC : Inter-American Development Bank, [2008]
Número de control del registro [R] (OCoLC)761458223
942 ## - ELEMENTOS DE ENTRADA AGREGADOS (KOHA)
Sistema de clasificación DEWEY
Tema principal Sociología
Tipo de ítem principal el descrito en 300a Libro
Edición 1
Clasificación 303.484098
Parte restante de la signatura top. C582s
Existencias
Fecha de último préstamo Total préstamos Signatura topográfica Código de barras Última vez visto Ejemplar Costo de reposición Price effective from Tipo de ítem Perdido Sistema de clasificación Dañado No prestable Tipo de ítem específico Suprimido Ubicación habitual Ubicación actual Localización Fecha de creación Proveedor Forma de adquisición Costo
21/04/2025 2 303.484098 C582s 100158443 09/12/2025 Ej.1 26000.00 09/11/2018 Libro   DEWEY     Libro   Claustro Claustro 2do piso 09/11/2018 12 Donación 0.00